Assessing passenger lifts (Record no. 74037)

MARC details
000 -LEADER
fixed length control field 01122cab a2200205 4500
001 - CONTROL NUMBER
control field ABS67303
008 - FIXED-LENGTH DATA ELEMENTS--GENERAL INFORMATION
fixed length control field 040107n2003 000 0 eng u
035 ## - SYSTEM CONTROL NUMBER
System control number (Sirsi) u124748
100 ## - MAIN ENTRY--PERSONAL NAME
Personal name Cullingworth, R.
245 ## - TITLE STATEMENT
Title Assessing passenger lifts
260 ## - PUBLICATION, DISTRIBUTION, ETC.
Date of publication, distribution, etc. 2003
490 ## - SERIES STATEMENT
Series statement Access by Design
Volume/sequential designation (97) Winter 2003, 26-28(3)
520 ## - SUMMARY, ETC.
Summary, etc. Looks at assessing passenger lifts which are vital for disabled access in multi-storey buildings. Advises assessment should be made in relation to BS 8300: 2001 "Design of buildings and their approaches to meet the needs of disabled people: code of practice". Recommends gathering all the technical information about lifts and analysing it. Relevant standards need to be bought and information on the site, with photographs, should be collated. Advises looking at the usability of the lift rather than applying design guidance mechanically.
590 ## - LOCAL NOTE (RLIN)
Local note ABS
650 ## - SUBJECT ADDED ENTRY--TOPICAL TERM
Topical term or geographic name entry element LIFTS
650 ## - SUBJECT ADDED ENTRY--TOPICAL TERM
Topical term or geographic name entry element MANAGEMENT-BUSINESS MANAGEMENT-DISCRIMINATION-DISABILITY DISCRIMINATION-ACCESSIBILITY
650 ## - SUBJECT ADDED ENTRY--TOPICAL TERM
Topical term or geographic name entry element BS 8300: 2001
690 ## - LOCAL SUBJECT ADDED ENTRY--TOPICAL TERM (OCLC, RLIN)
Topical term or geographic name as entry element BUILT ENVIRONMENT-CONSTRUCTION DESIGN
942 ## - ADDED ENTRY ELEMENTS (KOHA)
Suppress in OPAC 0
Holdings
Withdrawn status Lost status Source of classification or shelving scheme Damaged status Not for loan Home library Current library Shelving location Date acquired Total Checkouts Full call number Barcode Date last seen Copy number Price effective from Koha item type
    Dewey Decimal Classification     London London News article 07/01/2004   ABS67303 124748-1001 06/08/2019 1 06/08/2019 News article